[Event "IECC O-2744"]
[Site "IECC email"]
[Date "2008.01.31"]
[Round "?"]
[White "Domenico, Giovanni"]
[Black "Redpath, Alan"]
[Result "1-0"]
[WhiteElo "1210"]
[BlackElo "1026"]
[PlyCount "65"]
[EventDate "2008.??.??"]
[EventType "swiss (corr)"]
[EventRounds "2"]
[SourceTitle "Corr 2013"]
[Source "ChessBase"]
[SourceDate "2012.11.12"]
[SourceVersion "1"]
[SourceVersionDate "2012.11.12"]
[SourceQuality "1"]
[WhiteTeam "Australia"]
[BlackTeam "Canada"]
[WhiteTeamCountry "AUS"]
[BlackTeamCountry "CAN"]

1. d4 d5 2. c4 Nf6 3. Nc3 Nc6 4. Nf3 dxc4 5. e4 Bg4 6. Be3 Bxf3 7. gxf3 e5 8. d5 Nb8 9. Bxc4 b6 10. f4 Bd6 11. Bb5+ Nbd7 12. Bc6 Rb8 13. fxe5 Bxe5 14. Rg1 Ng8 15. Bd4 Bxd4 16. Qxd4 Qf6 17. e5 Qh6 18. Qg4 g6 19. Qxd7+ Kf8 20. Qxc7 Kg7 21. Qxb8 Qf4 22. Ne2 Qxh2 23. Qxa7 Qxe5 24. Qxb6 Nf6 25. Qd4 Qd6 26. Qf4 Qe7 27. a4 Rd8 28. Rd1 h6 29. a5 Qa7 30. b4 Qa6 31. Nd4 Qc8 32. Nf5+ Kf8 33. Qxh6+ 1-0